00945nam a2200217 a 450000100100000000500170001000800410002704000250006808200150009310000440010824501190015226000720027130000210034349000430036450000730040770000570048083000510053704900090058895201130059799900170071000004186720201002035811.0091118s1983 es 001 0 spa d aDO-SdBNPbspacBNPHU a465bB171a1 aMartínez San Martín, Ángel96875210aLa narrativa de Felipe Trigo /cÁngel Martínez San Martín; prólogo de Miguel Ángel Rodríguez Gallardo. aMadrid :bConsejo Superior de Investigación Científicas,c1983. a252 p. ;c25 cm.1 aAnejos de revista de literaturavv. 41 aIncluye referencias bibliográficas y notas al pie de las páginas1 aRodríguez Gallardo, Miguel Ángelepról.968753 0aAnejos de revista de literaturanno. 41968754 aBNPD 001050718MOaGRbGRcCTd2013-10-18iLF1l0o465 B171ap41867-10r2020-06-25w2020-06-25y1ZNo se presta c41356d41356